000 00299nam a2200133Ia 4500
100 _aRamani/S; Rao/N.V
650 _aChemistry
942 _cBK
654 _aProgramming
245 _aComputer Programming
260 _bMMC School Of Management
_aBombay
_c1970
082 _a1.6
546 _aENGLISH
999 _c33156
_d33156